ბათუმის შოთა რუსთაველის სახელმწიფო უნივერსიტეტის ბიბლიოთეკა

Я-математик (ბიბ.ჩანაწერი № 38752)

000 -LEADER
fixed length control field 00649nam a2200217Ia 4500
001 - CONTROL NUMBER
control field 5082
003 - CONTROL NUMBER IDENTIFIER
control field GE_BSU
008 - FIXED-LENGTH DATA ELEMENTS--GENERAL INFORMATION
fixed length control field 181216s||||||||xx |||||||||||||| ||und||
040 ## - CATALOGING SOURCE
Transcribing agency GE_BSU
080 ## - UNIVERSAL DECIMAL CLASSIFICATION NUMBER
Universal Decimal Classification number 510(092)
100 ## - MAIN ENTRY--PERSONAL NAME
Personal name Винер, Норберт
245 ## - TITLE STATEMENT
Title Я-математик
245 ## - TITLE STATEMENT
Statement of responsibility, etc. Ред. А.М. Яглом, В.В. Донченко Сокращ. пер. с английского Ю.С.Родман
250 ## - EDITION STATEMENT
Edition statement Изд-2-е
260 ## - PUBLICATION, DISTRIBUTION, ETC.
Place of publication, distribution, etc. Москва
260 ## - PUBLICATION, DISTRIBUTION, ETC.
Name of publisher, distributor, etc. Наука Гл. ред. физ- матем. лит-ры
260 ## - PUBLICATION, DISTRIBUTION, ETC.
Date of publication, distribution, etc. 1976
300 ## - PHYSICAL DESCRIPTION
Extent 353 с. 20 см.
653 ## - INDEX TERM--UNCONTROLLED
Uncontrolled term Я-математик
942 ## - ADDED ENTRY ELEMENTS (KOHA)
Koha item type წიგნი
ეგზემპლარები
Withdrawn status Lost status Damaged status Not for loan Date acquired Barcode Date last seen Price effective from Koha item type Public note
        2018-12-17 16022 2018-12-17 2018-12-17 წიგნი დარბაზი
        2018-12-17 16024 2018-12-17 2018-12-17 წიგნი დარბაზი
        2018-12-17 16025 2018-12-17 2018-12-17 წიგნი დაბაზი